000
00210nam a22000857a 4500
008
170614b xxu||||| |||| 00| 0 eng d
100
_9
3408
_a
Sally. V. K
245
_a
Science - VI
260
_a
New Delhi
_b
G. B. P
_c
2009
999
_c
6770
_d
6770